000 00565nam a2200217Ia 4500
005 20251121160537.0
008 230125s9999 xx 000 0 und d
020 _a978-81-8495-734-1
041 _aeng
082 _a158.1
_bABD
100 _aAbdulrahman K
_9215354
245 _a60 Minutes To Better Public Speaking
260 _c2016
_bJaico Publishing House
_aMumbai
300 _a138p
440 _v1
500 _aPersonality Development
650 _aPersonality Development
_9213420
700 _aAbdulrahman K
_9215354
906 _b27
942 _cBK
999 _c94950
_d94950